Bhagat Singh Per Chuninda Lekh (Record no. 11181)

MARC details
000 -LEADER
fixed length control field 00324nam a22001337a 4500
003 - CONTROL NUMBER IDENTIFIER
control field OSt
008 - FIXED-LENGTH DATA ELEMENTS--GENERAL INFORMATION
fixed length control field 220507b ||||| |||| 00| 0 eng d
100 ## - MAIN ENTRY--PERSONAL NAME
Personal name JUNEJA,M.M
245 ## - TITLE STATEMENT
Title Bhagat Singh Per Chuninda Lekh
260 ## - PUBLICATION, DISTRIBUTION, ETC. (IMPRINT)
Place of publication, distribution, etc Panchhkula
Name of publisher, distributor, etc Modern Publications
Date of publication, distribution, etc 2015
300 ## - PHYSICAL DESCRIPTION
Extent 275
650 ## - SUBJECT ADDED ENTRY--TOPICAL TERM
Topical term or geographic name as entry element Gernal Book
942 ## - ADDED ENTRY ELEMENTS (KOHA)
Source of classification or shelving scheme Dewey Decimal Classification
Koha item type Text Books
Holdings
Withdrawn status Lost status Source of classification or shelving scheme Damaged status Not for loan Collection code Home library Current library Date acquired Source of acquisition Currency Cost, normal purchase price Bill Number Total Checkouts Full call number Acc. no. / Barcode Date last seen Date last borrowed Actual Cost, discounted price Bill Date Koha item type Public note
    Dewey Decimal Classification     GENERAL PIET C-LIBRARY PIET C-LIBRARY 07/05/2022 Modern Publications Indian Rup 200.00 714 1 923.254 JUB 33547 12/12/2025 23/03/2024 150.00 04/04/2022 Text Books Motivational

Design & Developed by: PIET Central Library
R70 Miles Stone Pattikalyana Samalkha Panipat 132102
mail ID :- [email protected], Phone No:- 0180-2569700 Ex.216